[Event "World Teams 2013"]
[Site "Antalya TUR"]
[Date "2013.12.03"]
[Round "7.1"]
[White "Amin, Bassem"]
[Black "Areshchenko, Alexander"]
[Result "1-0"]
[WhiteTitle "GM"]
[BlackTitle "GM"]
[WhiteElo "2652"]
[BlackElo "2720"]
[WhiteTeam "Egypt"]
[BlackTeam "Ukraine"]
[WhiteFideId "10601457"]
[BlackFideId "14109530"]
[EventDate "2013.11.26"]

1. e4 c5 2. Nf3 d6 3. d4 cxd4 4. Nxd4 Nf6 5. Nc3 a6 6. Bc4 e6 7. Bb3 Nbd7 8. O-O
Nc5 9. f4 Ncxe4 10. Nxe4 Nxe4 11. f5 e5 12. Qh5 d5 13. Re1 Bc5 14. Rxe4 O-O 15.
Rg4 Bxd4+ 16. Kh1 e4 17. Bg5 Bf6 18. Rf1 Bxg5 19. Rxg5 Qf6 20. Bxd5 e3 21. Rg3
Be6 22. Be4 Rae8 23. Rxe3 Bc4 24. Rfe1 Qxb2 25. f6 g6 26. Bxg6 fxg6 27. Qh6 Qxf6
28. Rxe8 Bxa2 29. h3 Bd5 30. Rxf8+ Qxf8 31. Qg5 Bc6 32. Rd1 Kg7 33. Rd8 Qf5 34.
Qxf5 gxf5 35. Kg1 f4 36. Rd4 f3 37. Rg4+ Kh8 38. gxf3 Bxf3 39. Rg3 Bc6 40. Kf2
a5 41. Ke3 b5 42. Kd4 Be8 43. Kc5 b4 44. h4 h6 45. Rg2 Kh7 46. Re2 Bh5 47. Re1
Bg6 48. Re7+ Kg8 49. Re2 Kg7 50. Rg2 Kf6 51. Kb5 Be4 52. Rf2+ Kg6 53. Kxa5 Kh5
54. Kxb4 Bh7 55. Rh2 Kg4 56. c4 Kg3 57. Rh1 Be4 58. Rd1 1-0

[Event "World Teams 2013"]
[Site "Antalya TUR"]
[Date "2013.12.03"]
[Round "7.2"]
[White "Kramnik, Vladimir"]
[Black "Giri, Anish"]
[Result "1-0"]
[WhiteTitle "GM"]
[BlackTitle "GM"]
[WhiteElo "2793"]
[BlackElo "2732"]
[WhiteTeam "Russia"]
[BlackTeam "Netherlands"]
[WhiteFideId "4101588"]
[BlackFideId "24116068"]
[EventDate "2013.11.26"]

1. Nf3 d5 2. d4 Nf6 3. c4 c6 4. Nc3 dxc4 5. a4 Bf5 6. Ne5 Nbd7 7. Nxc4 Qc7 8. g3
e5 9. dxe5 Nxe5 10. Bf4 Nfd7 11. Bg2 g5 12. Nxe5 gxf4 13. Nxd7 O-O-O 14. Qd4
Qxd7 15. Qxf4 Bd6 16. Qc1 Kb8 17. O-O h5 18. h4 Rhg8 19. a5 a6 20. Ra4 Bc7 21.
Ne4 Bxe4 22. Rxe4 Bxa5 23. Qc5 Bc7 24. e3 f5 25. Rd4 Qe6 26. Rfd1 Rxd4 27. Qxd4
Be5 28. Qb4 Bxg3 29. fxg3 Qxe3+ 30. Kf1 Qxg3 31. Rd2 Qg4 32. Qd4 f4 33. Bxc6 f3
34. Bd7 Qg3 35. Qd6+ Qxd6 36. Rxd6 Kc7 37. Rd5 Rg2 38. b3 Rh2 39. Rd4 b5 40. Be8
Kb6 41. Bxh5 1-0

[Event "World Teams 2013"]
[Site "Antalya TUR"]
[Date "2013.12.03"]
[Round "7.2"]
[White "Van Wely, Loek"]
[Black "Karjakin, Sergey"]
[Result "0-1"]
[WhiteTitle "GM"]
[BlackTitle "GM"]
[WhiteElo "2678"]
[BlackElo "2756"]
[WhiteTeam "Netherlands"]
[BlackTeam "Russia"]
[WhiteFideId "1000268"]
[BlackFideId "14109603"]
[EventDate "2013.11.26"]

1. d4 Nf6 2. c4 e6 3. Nf3 b6 4. g3 Ba6 5. Qa4 Bb7 6. Bg2 c5 7. dxc5 bxc5 8. O-O
Be7 9. Nc3 O-O 10. Rd1 Qb6 11. Bf4 Rd8 12. Rd2 Nc6 13. Rad1 Na5 14. Ne1 Bxg2 15.
Nxg2 Nc6 16. Qb5 d5 17. e3 h6 18. h4 dxc4 19. Rxd8+ Rxd8 20. Rxd8+ Bxd8 21. Qxb6
axb6 22. e4 Nd7 23. Bd6 Bf6 24. Ne3 Na5 25. f4 Bd4 26. Kf2 Nf6 27. Kf3 Ne8 28.
e5 Nxd6 29. exd6 Kf8 30. f5 Ke8 31. a4 Kd7 32. fxe6+ fxe6 33. Ke4 h5 34. Ng2 Nb3
35. Kf4 Nc1 36. Ke4 Nd3 37. Nb5 Bxb2 38. Ne3 Ne5 39. Nd1 c3 40. Ne3 Nc6 0-1

[Event "World Teams 2013"]
[Site "Antalya TUR"]
[Date "2013.12.03"]
[Round "7.2"]
[White "Grischuk, Alexander"]
[Black "Tiviakov, Sergei"]
[Result "1/2-1/2"]
[WhiteTitle "GM"]
[BlackTitle "GM"]
[WhiteElo "2785"]
[BlackElo "2663"]
[WhiteTeam "Russia"]
[BlackTeam "Netherlands"]
[WhiteFideId "4126025"]
[BlackFideId "1008013"]
[EventDate "2013.11.26"]

1. e4 d5 2. exd5 Qxd5 3. Nc3 Qd6 4. d4 Nf6 5. Nf3 g6 6. Bg5 c6 7. Qd2 Bf5 8. Bc4
Nbd7 9. Bf4 Qb4 10. Bb3 Bg7 11. O-O O-O 12. Rfe1 Rae8 13. h3 Nb6 14. a3 Qa5 15.
Ne5 Qa6 16. Bh6 Nbd5 17. Bxg7 Kxg7 18. Na4 Bc8 19. c4 Nc7 20. Rac1 Rd8 21. Nd3
Rxd4 22. Qc3 c5 23. Ndxc5 Qd6 24. Rxe7 b6 25. Rxc7 bxc5 26. Nxc5 Qxc7 27. Qxd4
Rd8 28. Qe3 Re8 29. Qd4 Rd8 30. Qe3 Re8 31. Qd4 Rd8 1/2-1/2

[Event "World Teams 2013"]
[Site "Antalya TUR"]
[Date "2013.12.03"]
[Round "7.2"]
[White "Sokolov, Ivan"]
[Black "Vitiugov, Nikita"]
[Result "0-1"]
[WhiteTitle "GM"]
[BlackTitle "GM"]
[WhiteElo "2625"]
[BlackElo "2741"]
[WhiteTeam "Netherlands"]
[BlackTeam "Russia"]
[WhiteFideId "14400030"]
[BlackFideId "4152956"]
[EventDate "2013.11.26"]

1. d4 Nf6 2. c4 e6 3. Nf3 Bb4+ 4. Bd2 Qe7 5. g3 Bxd2+ 6. Qxd2 Nc6 7. Nc3 d5 8.
Ne5 dxc4 9. Nxc6 bxc6 10. Bg2 O-O 11. Qc2 Rb8 12. O-O c5 13. Rfd1 cxd4 14. Rxd4
Qb4 15. Rd2 Ba6 16. Rad1 Rb6 17. Na4 Rd6 18. a3 Rxd2 19. Rxd2 Qa5 20. Nc3 g6 21.
Qa4 Qxa4 22. Nxa4 Rb8 23. Kf1 Kf8 24. Ke1 Bb5 25. Nc3 Ba6 26. h3 Ke7 27. f4 Nd7
28. Kd1 Nc5 29. Kc2 h6 30. h4 h5 31. a4 Rb6 32. a5 Rd6 33. Ne4 Rxd2+ 34. Kxd2
Nb3+ 35. Kc3 Bb7 36. a6 Bxa6 37. Nf2 Nc1 38. Bf3 Na2+ 39. Kd4 c3 40. bxc3 c5+
41. Kxc5 Nxc3 42. Nd3 Bxd3 43. exd3 a5 44. d4 f5 45. Kc4 Ne4 46. Kb5 Kd6 47.
Kxa5 Kd5 48. Kb5 Kxd4 49. Kc6 Ke3 0-1

[Event "World Teams 2013"]
[Site "Antalya TUR"]
[Date "2013.12.03"]
[Round "7.3"]
[White "Aronian, Levon"]
[Black "Ipatov, Alexander"]
[Result "1-0"]
[WhiteTitle "GM"]
[BlackTitle "GM"]
[WhiteElo "2801"]
[BlackElo "2630"]
[WhiteTeam "Armenia"]
[BlackTeam "Turkey"]
[WhiteFideId "13300474"]
[BlackFideId "14116731"]
[EventDate "2013.11.26"]

1. Nf3 Nf6 2. g3 b5 3. Bg2 Bb7 4. O-O e6 5. d3 Be7 6. e4 d6 7. Nd4 a6 8. Nb3 c5
9. e5 Bxg2 10. exf6 Bxf1 11. fxe7 Qxe7 12. Qxf1 Nc6 13. Be3 O-O 14. Nc3 f5 15.
Qg2 Rac8 16. a3 Qf6 17. Rd1 Nd4 18. f4 Rfe8 19. Bxd4 cxd4 20. Na2 Qd8 21. Rf1
Qb6 22. Qf2 e5 23. c3 Qb7 24. cxd4 exf4 25. Nc3 fxg3 26. hxg3 Rf8 27. d5 Rf6 28.
Nd4 b4 29. axb4 Qxb4 30. Nc6 Qb7 31. Re1 Kh8 32. Re7 Qb3 33. Rd7 Re8 34. Nd4 Qb4
35. Ne6 Rg6 36. Rf7 Qg4 37. Ne2 Rf6 38. Rxg7 Qb4 39. Rxh7+ 1-0

[Event "World Teams 2013"]
[Site "Antalya TUR"]
[Date "2013.12.03"]
[Round "7.3"]
[White "Solak, Dragan"]
[Black "Akopian, Vladimir"]
[Result "1/2-1/2"]
[WhiteTitle "GM"]
[BlackTitle "GM"]
[WhiteElo "2618"]
[BlackElo "2681"]
[WhiteTeam "Turkey"]
[BlackTeam "Armenia"]
[WhiteFideId "916811"]
[BlackFideId "13300032"]
[EventDate "2013.11.26"]

1. e4 e6 2. d4 d5 3. Nd2 c5 4. exd5 Qxd5 5. Ngf3 cxd4 6. Bc4 Qd6 7. O-O Nf6 8.
Nb3 Nc6 9. Nbxd4 Nxd4 10. Nxd4 a6 11. Re1 Qc7 12. Bf1 Be7 13. Qf3 O-O 14. Bf4
Bd6 15. Bxd6 Qxd6 16. Rad1 Qc7 17. c4 Bd7 18. Qg3 Qxg3 19. hxg3 Rfc8 20. f3 Kf8
21. g4 h6 22. Kf2 b5 23. b3 bxc4 24. bxc4 Rc5 25. Nb3 Rc7 26. Re5 Ba4 27. Ra5
Bxb3 28. axb3 Rb8 29. Rb1 Rcb7 30. Rxa6 Rxb3 31. Rxb3 Rxb3 32. Ra8+ Ke7 33. Ra7+
Kf8 34. Ra8+ Ke7 35. Ra7+ Kf8 36. Ra8+ 1/2-1/2

[Event "World Teams 2013"]
[Site "Antalya TUR"]
[Date "2013.12.03"]
[Round "7.3"]
[White "Sargissian, Gabriel"]
[Black "Yilmaz, Mustafa"]
[Result "1-0"]
[WhiteTitle "GM"]
[BlackTitle "GM"]
[WhiteElo "2676"]
[BlackElo "2577"]
[WhiteTeam "Armenia"]
[BlackTeam "Turkey"]
[WhiteFideId "13300881"]
[BlackFideId "6302718"]
[EventDate "2013.11.26"]

1. d4 d5 2. c4 c6 3. Nc3 Nf6 4. Nf3 a6 5. e3 Bf5 6. Bd3 Bxd3 7. Qxd3 e6 8. O-O
Be7 9. e4 dxe4 10. Nxe4 Nbd7 11. Bf4 Nxe4 12. Qxe4 O-O 13. Rfd1 Re8 14. Qc2 Nf8
15. Qb3 Ng6 16. Bg3 b5 17. Rac1 Rc8 18. a4 Qa5 19. axb5 axb5 20. c5 Ra8 21. h4
h5 22. Ne5 Nxe5 23. dxe5 Red8 24. Qf3 Rd5 25. Rxd5 cxd5 26. c6 Rc8 27. Qe2 Qb4
28. Qc2 Bd8 29. Qe2 Bb6 30. Kh2 Bd4 31. Rc2 Qa4 32. c7 b4 33. b3 Qd7 34. Qxh5
Bc3 35. Ra2 d4 36. Ra6 Qxc7 37. Rd6 Rd8 38. Qg5 f6 39. Qg6 Rxd6 40. Qe8+ Kh7 41.
exd6 1-0

[Event "World Teams 2013"]
[Site "Antalya TUR"]
[Date "2013.12.03"]
[Round "7.3"]
[White "Can, Emre"]
[Black "Petrosian, Tigran L."]
[Result "1/2-1/2"]
[WhiteTitle "GM"]
[BlackTitle "GM"]
[WhiteElo "2519"]
[BlackElo "2660"]
[WhiteTeam "Turkey"]
[BlackTeam "Armenia"]
[WhiteFideId "6302181"]
[BlackFideId "13301616"]
[EventDate "2013.11.26"]

1. d4 d5 2. c4 c6 3. Nf3 Nf6 4. Nc3 dxc4 5. e3 b5 6. a4 b4 7. Nb1 Ba6 8. Be2 e6
9. O-O Be7 10. Nbd2 c3 11. bxc3 bxc3 12. Nb1 O-O 13. Nxc3 c5 14. Rb1 Bxe2 15.
Qxe2 Nc6 16. dxc5 Bxc5 17. Qb5 Qb6 18. Bd2 Rfc8 19. Rfc1 Ba3 20. Rd1 Qc5 21.
Qxc5 Bxc5 22. Kf1 Be7 23. Rdc1 Ba3 24. Rd1 Be7 25. Rdc1 Ba3 26. Rd1 1/2-1/2

[Event "World Teams 2013"]
[Site "Antalya TUR"]
[Date "2013.12.03"]
[Round "7.4"]
[White "Nakamura, Hikaru"]
[Black "Meier, Georg"]
[Result "1-0"]
[WhiteTitle "GM"]
[BlackTitle "GM"]
[WhiteElo "2786"]
[BlackElo "2623"]
[WhiteTeam "USA"]
[BlackTeam "Germany"]
[WhiteFideId "2016192"]
[BlackFideId "4675789"]
[EventDate "2013.11.26"]

1. d4 Nf6 2. c4 e6 3. Nc3 d5 4. Bg5 Be7 5. e3 O-O 6. Qc2 h6 7. Bh4 c6 8. Nf3
Nbd7 9. a3 b6 10. cxd5 cxd5 11. Bd3 Bb7 12. O-O a6 13. Rac1 Bd6 14. Qe2 Qb8 15.
Na2 Rc8 16. Rxc8+ Qxc8 17. Rc1 Qf8 18. Bg3 Bxg3 19. hxg3 Rc8 20. Rf1 a5 21. Bb5
Qd6 22. Nc3 Ne4 23. Nxe4 dxe4 24. Nd2 Bd5 25. Nb1 Nf6 26. Nc3 Qc7 27. Rc1 Bc4
28. Bxc4 Qxc4 29. Qxc4 Rxc4 30. Rd1 Kf8 31. Kf1 Ke7 32. Ke2 Kd7 33. Kd2 h5 34.
Rh1 g6 35. Rh4 g5 36. Rh1 Rc8 37. f3 exf3 38. gxf3 Rh8 39. e4 h4 40. Ke3 Kc6 41.
a4 Kd7 42. Ne2 Ke7 43. Rh3 Rb8 44. gxh4 gxh4 45. Nc3 Rh8 46. Kd3 Ne8 47. f4 f6
48. d5 e5 49. fxe5 fxe5 50. Nd1 Nf6 51. Ne3 Nd7 52. Nf5+ Kf6 53. Nxh4 Nc5+ 54.
Ke3 Nxa4 55. Rh2 Nc5 56. Rf2+ Kg7 57. Rg2+ Kf6 58. Nf3 Rh3 59. Rg8 Nb3 60. Kf2
Nc5 61. Ke3 a4 62. Rb8 Nd7 63. Rb7 Ke7 64. Kf2 Ke8 65. Kg2 Rh6 66. Ra7 b5 67.
Ra5 Nc5 68. Rxb5 Rg6+ 69. Kf2 Nxe4+ 70. Ke3 Nd6 71. Rb8+ Ke7 72. Nxe5 Rg2 73.
Rb4 Rg3+ 74. Kf4 Rg2 75. Nd3 Rh2 76. Ke3 Rh3+ 77. Kd2 Rh2+ 78. Kc3 Rh3 79. Rxa4
Nb5+ 80. Kb4 Rxd3 81. Kxb5 Kd6 82. Ra6+ Kxd5 83. b4 Rb3 84. Rh6 Rb1 85. Ka5 Kc4
86. Rc6+ Kd5 87. b5 1-0

[Event "World Teams 2013"]
[Site "Antalya TUR"]
[Date "2013.12.03"]
[Round "7.4"]
[White "Fridman, Daniel"]
[Black "Kamsky, Gata"]
[Result "1/2-1/2"]
[WhiteTitle "GM"]
[BlackTitle "GM"]
[WhiteElo "2600"]
[BlackElo "2721"]
[WhiteTeam "Germany"]
[BlackTeam "USA"]
[WhiteFideId "11600454"]
[BlackFideId "2000024"]
[EventDate "2013.11.26"]

1. d4 Nf6 2. c4 e6 3. Nf3 b6 4. g3 a5 5. Bg2 Ba6 6. Ne5 c6 7. O-O d5 8. Nc3 Bd6
9. cxd5 Nxd5 10. Nxd5 cxd5 11. Bf4 f6 12. Nd3 Nc6 13. Be3 O-O 14. Nf4 Qd7 15.
Bh3 f5 16. Nd3 Rac8 17. a3 Rc7 18. Rc1 Rfc8 19. Re1 Bb5 20. Qb3 Bc4 21. Qd1 b5
22. f4 a4 23. Qd2 Bxd3 24. Qxd3 Na5 25. Rxc7 Rxc7 26. Bd2 Nc4 27. Rb1 Qe7 28.
Bf1 b4 29. axb4 Bxb4 30. Bc1 Na5 31. Qb5 Nb3 32. Qxa4 Nxc1 33. Qd1 Na2 34. Ra1
Ra7 35. Qb3 Bd2 36. Rxa2 Rxa2 37. Qxa2 Be3+ 38. Kg2 Bxd4 39. Qa3 Bc5 40. Qa6 Kf7
41. h4 g6 42. Qc8 Kg7 43. Kh3 h6 44. Bg2 Bd6 45. Bf3 g5 46. hxg5 hxg5 47. fxg5
Qxg5 48. Qd7+ Qe7 49. Qxe7+ Bxe7 50. e3 1/2-1/2

[Event "World Teams 2013"]
[Site "Antalya TUR"]
[Date "2013.12.03"]
[Round "7.4"]
[White "Robson, Ray"]
[Black "Naiditsch, Arkadij"]
[Result "1/2-1/2"]
[WhiteTitle "GM"]
[BlackTitle "GM"]
[WhiteElo "2613"]
[BlackElo "2727"]
[WhiteTeam "USA"]
[BlackTeam "Germany"]
[WhiteFideId "2023970"]
[BlackFideId "4650891"]
[EventDate "2013.11.26"]

1. e4 e6 2. d4 d5 3. Nc3 Bb4 4. e5 c5 5. a3 Bxc3+ 6. bxc3 Ne7 7. Qg4 O-O 8. Bd3
f5 9. exf6 Rxf6 10. Bg5 Rf7 11. Qh5 g6 12. Qd1 Nbc6 13. Nf3 Qa5 14. Qd2 Nf5 15.
Ne5 Nxe5 16. dxe5 Bd7 17. h4 c4 18. Bxf5 Rxf5 19. f4 h5 20. Ke2 Ba4 21. g4 hxg4
22. h5 Be8 23. hxg6 Bxg6 24. Rh6 Kf7 25. Rg1 Rg8 26. Rxg4 Qxa3 27. Qe3 b6 28.
Qh3 Qa4 29. Kf1 d4 30. cxd4 Qxc2 31. Rxg6 Qb1+ 32. Kg2 Qe4+ 33. Kf1 Qb1+ 34. Kg2
Qc2+ 35. Kf1 Qd1+ 36. Kg2 Qe2+ 37. Kg1 Qe1+ 38. Kg2 Qd2+ 39. Kf1 Qd1+ 40. Kg2
Rxg6 41. Qh7+ 1/2-1/2

[Event "World Teams 2013"]
[Site "Antalya TUR"]
[Date "2013.12.03"]
[Round "7.4"]
[White "Baramidze, David"]
[Black "Akobian, Varuzhan"]
[Result "0-1"]
[WhiteTitle "GM"]
[BlackTitle "GM"]
[WhiteElo "2614"]
[BlackElo "2625"]
[WhiteTeam "Germany"]
[BlackTeam "USA"]
[WhiteFideId "4667719"]
[BlackFideId "13300580"]
[EventDate "2013.11.26"]

1. e4 e5 2. Nf3 Nf6 3. Nxe5 d6 4. Nf3 Nxe4 5. Nc3 Nxc3 6. dxc3 Be7 7. Bf4 O-O 8.
Qd2 b6 9. O-O-O Bb7 10. h4 Nd7 11. Nd4 Nc5 12. Re1 Bf6 13. Bb5 a6 14. Nc6 Qd7
15. Ne7+ Qxe7 16. Rxe7 axb5 17. Rhe1 Bxe7 18. Rxe7 Rxa2 19. Qe3 Ra1+ 20. Kd2
Bxg2 21. h5 Rh1 22. h6 Rh3 23. f3 Rxf3 24. Qd4 Rd3+ 25. Qxd3 Nxd3 26. cxd3 Rc8
27. Re3 Bd5 28. Rg3 g6 29. Bg5 Kf8 30. Re3 Be6 31. d4 d5 32. Re1 Ra8 33. Ke3 Ra2
34. Kf4 Rxb2 35. Ra1 Ke8 36. Ra8+ Kd7 37. Rh8 Rf2+ 38. Kg3 Rc2 39. Rxh7 Rxc3+
40. Kg2 Rh3 41. Rxf7+ Bxf7 42. Kxh3 Bg8 43. Kg4 b4 44. Bd2 b3 45. Bc3 Ke6 46.
Kg5 Bh7 47. Bb2 c5 0-1

[Event "World Teams 2013"]
[Site "Antalya TUR"]
[Date "2013.12.03"]
[Round "7.5"]
[White "Li, Chao b"]
[Black "Mamedov, Rauf"]
[Result "1-0"]
[WhiteTitle "GM"]
[BlackTitle "GM"]
[WhiteElo "2679"]
[BlackElo "2647"]
[WhiteTeam "China"]
[BlackTeam "Azerbaijan"]
[WhiteFideId "8604436"]
[BlackFideId "13401653"]
[EventDate "2013.11.26"]

1. d4 Nf6 2. c4 g6 3. Nc3 Bg7 4. e4 d6 5. h3 O-O 6. Nf3 e5 7. d5 Nh5 8. g3 Na6
9. Bg2 Nc5 10. b4 Nd7 11. Nd2 a5 12. bxa5 f5 13. Nb3 Nf4 14. gxf4 exf4 15. Qc2
fxe4 16. Bxe4 Qe7 17. Bb2 Ne5 18. Nd2 Rxa5 19. O-O-O Bd7 20. Qb3 Ra6 21. c5 Rfa8
22. Bc2 Ra5 23. Nde4 b5 24. cxb6 cxb6 25. Qb4 Rc5 26. Nxc5 bxc5 27. Qxf4 Rf8 28.
Qe4 Rxf2 29. Rhf1 Bf5 30. Rxf2 Bxe4 31. Nxe4 Nc4 32. Bxg7 Kxg7 33. Nd2 Nb6 34.
Rdf1 Qe5 35. Rf7+ Kh6 36. R1f4 Qe1+ 37. Bd1 Nxd5 38. Re4 Ne3 39. Rf1 Qg3 40. Rf3
Qg5 41. Rexe3 d5 42. h4 Qd8 43. Rf7 Qh8 44. Ree7 1-0

[Event "World Teams 2013"]
[Site "Antalya TUR"]
[Date "2013.12.03"]
[Round "7.5"]
[White "Safarli, Eltaj"]
[Black "Ding, Liren"]
[Result "1/2-1/2"]
[WhiteTitle "GM"]
[BlackTitle "GM"]
[WhiteElo "2653"]
[BlackElo "2711"]
[WhiteTeam "Azerbaijan"]
[BlackTeam "China"]
[WhiteFideId "13402129"]
[BlackFideId "8603677"]
[EventDate "2013.11.26"]

1. e4 c6 2. d4 d5 3. Nc3 dxe4 4. Nxe4 Nd7 5. Bc4 Ngf6 6. Nxf6+ Nxf6 7. c3 g6 8.
Nf3 Bg7 9. O-O O-O 10. h3 b5 11. Bb3 Bb7 12. Re1 Qc7 13. Qe2 e6 14. Ne5 Rad8 15.
Bf4 Qb6 16. Nd3 a5 17. a3 Rfe8 18. Nc5 Bc8 19. Qf3 Nd5 20. Bg5 f6 21. Bh4 a4 22.
Ba2 g5 23. Bg3 e5 24. Bb1 h6 25. Bf5 Bxf5 26. Qxf5 Qa7 27. Rad1 Qf7 28. dxe5
fxe5 29. Qe4 Bf8 30. Nd3 Nf4 31. Nxe5 Rxd1 32. Rxd1 Bg7 33. Bxf4 gxf4 34. Nxf7
Rxe4 35. Nd6 Re2 36. Rb1 Bf8 37. Kf1 Re6 38. Nf5 c5 39. Re1 Kf7 40. g4 fxg3 41.
fxg3 Rxe1+ 42. Kxe1 Ke6 43. g4 Kd5 44. Kd2 b4 45. Ne3+ Ke4 46. Nc4 Kf4 47. Nb6
Kg3 48. Ke3 Kxh3 49. Kf4 bxa3 50. bxa3 c4 51. Nxa4 Bxa3 52. Nb6 Bb2 53. Nxc4
Bxc3 1/2-1/2

[Event "World Teams 2013"]
[Site "Antalya TUR"]
[Date "2013.12.03"]
[Round "7.5"]
[White "Bu, Xiangzhi"]
[Black "Mamedov, Nidjat"]
[Result "1/2-1/2"]
[WhiteTitle "GM"]
[BlackTitle "GM"]
[WhiteElo "2683"]
[BlackElo "2616"]
[WhiteTeam "China"]
[BlackTeam "Azerbaijan"]
[WhiteFideId "8601445"]
[BlackFideId "13400819"]
[EventDate "2013.11.26"]

1. Nf3 Nf6 2. c4 g6 3. g3 Bg7 4. Bg2 O-O 5. O-O d6 6. d4 Nc6 7. Nc3 a6 8. Bf4
Rb8 9. Rc1 h6 10. h3 g5 11. Bd2 e5 12. d5 Ne7 13. e4 b5 14. cxb5 axb5 15. b4 c6
16. dxc6 Nxc6 17. a3 Be6 18. Be3 Qd7 19. h4 g4 20. Nd2 Nd4 21. Bxd4 exd4 22. Ne2
Qa7 23. Nb3 Bxb3 24. Qxb3 Rfe8 25. Qd3 Nd7 26. Rfd1 Ne5 27. Qb3 d3 28. Nf4 Ra8
29. Nxd3 Qxa3 30. Qxa3 Rxa3 31. Nxe5 Bxe5 32. Bf1 Rb8 33. h5 Ra2 34. Rd5 Rb2 35.
Rxb5 Rxb5 36. Bxb5 Rxb4 37. Bc4 Rb2 38. Kf1 Kg7 39. Be2 Rb4 40. Bxg4 Rxe4 41.
Be2 Ra4 42. Rc7 Ra1+ 43. Kg2 Ra2 44. Bc4 d5 45. Rxf7+ Kxf7 46. Bxd5+ Kf6 47.
Bxa2 Bd4 48. f4 Bc3 49. Kf2 Bb4 50. g4 1/2-1/2

[Event "World Teams 2013"]
[Site "Antalya TUR"]
[Date "2013.12.03"]
[Round "7.5"]
[White "Durarbayli, Vasif"]
[Black "Yu, Yangyi"]
[Result "0-1"]
[WhiteTitle "GM"]
[BlackTitle "GM"]
[WhiteElo "2559"]
[BlackElo "2668"]
[WhiteTeam "Azerbaijan"]
[BlackTeam "China"]
[WhiteFideId "13402935"]
[BlackFideId "8603820"]
[EventDate "2013.11.26"]

1. c4 e6 2. Nf3 Nf6 3. g3 Be7 4. Bg2 O-O 5. O-O d5 6. b3 b6 7. Bb2 Bb7 8. e3 c5
9. Qe2 Nc6 10. Rd1 dxc4 11. bxc4 Qc7 12. Nc3 a6 13. Rac1 Rfd8 14. d4 Na5 15. d5
exd5 16. cxd5 Nxd5 17. Ne4 b5 18. Nh4 g6 19. Ba1 Nc4 20. Nf3 Ndxe3 21. Rxd8+
Rxd8 22. Nf6+ Bxf6 23. Bxf6 Nxg2 24. Bxd8 Qxd8 25. Rd1 Qf6 26. Qe8+ Kg7 27. Rd8
Qxf3 28. Qf8+ Kf6 29. Rd7 Bd5 30. Qh8+ Kf5 31. g4+ Kxg4 32. h3+ Kxh3 0-1